[Event "AUTO-OPEN-1595"]
[Site "http://www.queenalice.com/game.php?id=607050"]
[Date "2009.6.22"]
[Round "1"]
[White "goldenboy"]
[Black "llamas000"]
[Result "1-0"]
[WhiteElo "2149"]
[BlackElo "2065"]

1. e4 e5 2. Nf3 Nc6 3. Bc4 Bc5 4. O-O Nf6 5. d3 O-O 6. Bg5 d6 7. Nc3 Be6 8. Bd5
Rb8 9. Bxe6 fxe6 10. Na4 b6 11. Nxc5 bxc5 12. b3 Nd4 13. c3 Nxf3+ 14. Qxf3 Qe8
15. h3 Qg6 16. Qe3 Nd7 17. Bh4 1-0

[Event "AUTO-OPEN-1595"]
[Site "http://www.queenalice.com/game.php?id=607072"]
[Date "2009.6.22"]
[Round "1"]
[White "Warrior"]
[Black "llamas000"]
[Result "0-1"]
[WhiteElo "2042"]
[BlackElo "2114"]

1. e4 e5 2. Nf3 Nc6 3. d4 exd4 4. Nxd4 Bc5 5. Nxc6 Qf6 6. Qf3 dxc6 7. Qxf6 Nxf6
8. f3 Be6 9. Nd2 O-O 10. Nb3 Bd6 11. Bd3 c5 12. Nd2 Rad8 13. O-O a6 14. Bc4 Bf4
15. Bxe6 Bxd2 16. Bxd2 Rxd2 17. Bb3 b5 18. Bd5 Nxd5 19. exd5 Rxc2 20. Rf2 Rxf2
21. Kxf2 Rd8 22. Rd1 Kf8 23. Ke3 Ke7 24. Ke4 c6 25. b3 f5+ 26. Kxf5 Rxd5+ 27.
Rxd5 cxd5 28. Ke5 d4 29. Ke4 a5 30. f4 h5 31. g3 Kf6 32. h3 g6 33. g4 b4 34. Kd3
Ke6 35. Kc4 Kd6 36. f5 gxf5 37. gxh5 Ke6 38. h6 Kf6 39. Kd3 Kg6 40. Kc4 Kxh6 41.
Kxc5 d3 42. Kb5 d2 43. Kxa5 d1=Q 44. Kxb4 Qd6+ 45. Kc3 Qa3 46. h4 Qxa2 47. h5 f4
48. Kd4 Qxb3 49. Ke4 f3 50. Kf5 f2 51. Ke5 f1=Q 52. Ke4 Qbd3+ 53. Ke5 Qff5# 0-1

[Event "AUTO-OPEN-1595"]
[Site "http://www.queenalice.com/game.php?id=607073"]
[Date "2009.6.22"]
[Round "1"]
[White "llamas000"]
[Black "Warrior"]
[Result "1-0"]
[WhiteElo "2103"]
[BlackElo "2056"]

1. d4 Nf6 2. c4 g6 3. Nc3 d5 4. Nf3 Bg7 5. Bg5 Ne4 6. cxd5 Nxg5 7. Nxg5 e6 8.
Nf3 exd5 9. e3 a5 10. Be2 O-O 11. O-O Re8 12. a3 c6 13. Rc1 Bg4 14. Re1 Nd7 15.
Na4 Qc7 16. Nc5 b6 17. Nxd7 Qxd7 18. Ne5 Bxe5 19. Bxg4 f5 20. Bxf5 gxf5 21. dxe5
Rxe5 22. Qd4 Qc7 23. Rxc6 Qxc6 24. Qxe5 Qd7 25. h3 Rc8 26. Rd1 Rc5 27. Qb8+ Kg7
28. Qxb6 Rb5 29. Qd4+ Kg6 30. Rc1 Qb7 31. Rc5 Rxc5 32. Qxc5 Qxb2 33. Qxa5 Qc1+
34. Kh2 Qd2 35. Qxd2 Kg5 36. a4 h5 37. a5 Kf6 38. a6 f4 39. a7 fxe3 40. Qxe3 h4
41. a8=Q Kf5 42. Qxd5+ Kf6 43. Qee6+ Kg7 44. Qdd7+ Kh8 45. Qee8# 1-0

[Event "AUTO-OPEN-1595"]
[Site "http://www.queenalice.com/game.php?id=607086"]
[Date "2009.6.22"]
[Round "1"]
[White "llamas000"]
[Black "smagoo"]
[Result "0-1"]
[WhiteElo "2111"]
[BlackElo "2310"]

1. d4 d5 2. Nf3 c6 3. c4 Nf6 4. Nc3 dxc4 5. e4 Bg4 6. Bxc4 e6 7. Bg5 Be7 8. d5
cxd5 9. exd5 exd5 10. Nxd5 O-O 11. O-O Nxd5 12. Bxd5 Bxg5 13. Bxb7 Nd7 14. Bxa8
Qxa8 15. Qd4 Bxf3 16. Qxd7 Bxg2 17. Rfe1 Bc6 18. Qg4 Bf6 19. Rab1 Qd8 20. Red1
Qa5 21. a3 h5 22. Qh3 Qg5+ 23. Qg3 Qf5 24. b4 h4 25. Qc7 Qg4+ 26. Kf1 Bb5+ 0-1

[Event "AUTO-OPEN-1595"]
[Site "http://www.queenalice.com/game.php?id=607087"]
[Date "2009.6.22"]
[Round "1"]
[White "smagoo"]
[Black "llamas000"]
[Result "1-0"]
[WhiteElo "2326"]
[BlackElo "2125"]

1. d4 d5 2. c4 c6 3. Nc3 e6 4. Nf3 Nf6 5. Bg5 Be7 6. e3 b6 7. Bd3 Bb7 8. O-O
Nbd7 9. Rc1 O-O 10. cxd5 Nxd5 11. Bxe7 Qxe7 12. Nxd5 exd5 13. Bb1 c5 14. Qd3 Nf6
15. Qa3 Rfc8 16. dxc5 bxc5 17. Rc3 Rc7 18. Rfc1 c4 19. Qxe7 Rxe7 20. b3 Rc8 21.
bxc4 Rec7 22. c5 Nd7 23. Nd4 Rxc5 24. Rxc5 Rxc5 25. Rxc5 Nxc5 26. Kf1 Ba6+ 27.
Ke1 Bc4 28. a3 g6 29. Kd2 Ne4+ 30. Bxe4 dxe4 31. Kc3 Bf1 32. g3 f5 33. Kb4 Kf7
34. Kc5 Ke8 35. Nc6 a6 36. Kb6 Kd7 37. Nb8+ Kd6 38. Nxa6 Bxa6 39. Kxa6 Kc6 40.
a4 Kc5 41. a5 Kc6 42. h3 g5 43. Ka7 Kc7 44. h4 h6 45. h5 g4 46. a6 Kc8 47. Kb6
Kb8 48. a7+ Ka8 49. Kc6 1-0

[Event "AUTO-MASTER-686"]
[Site "http://www.queenalice.com/game.php?id=619943"]
[Date "2009.7.16"]
[Round "2"]
[White "llamas000"]
[Black "blanenatelo05"]
[Result "0-1"]
[WhiteElo "2110"]
[BlackElo "2278"]

1. d4 Nf6 2. c4 e6 3. Nf3 Bb4+ 4. Nbd2 O-O 5. a3 Bxd2+ 6. Bxd2 d6 7. e3 Nbd7 8.
Bd3 b6 9. O-O Bb7 10. Re1 c5 11. b4 e5 12. dxe5 dxe5 13. e4 Qe7 14. Qc2 Rad8 15.
Bc3 Rfe8 16. Rad1 Nh5 17. Qb2 Nf4 18. Bb1 f6 19. Nh4 g6 20. g3 Ne6 21. Ng2 Ng5
22. Rd3 Bxe4 23. Rxd7 Nh3+ 24. Kf1 Bxg2+ 0-1

[Event "AUTO-MASTER-686"]
[Site "http://www.queenalice.com/game.php?id=619944"]
[Date "2009.7.16"]
[Round "2"]
[White "blanenatelo05"]
[Black "llamas000"]
[Result "1-0"]
[WhiteElo "2290"]
[BlackElo "2123"]

1. e4 e5 2. Nf3 Nc6 3. Bc4 Bc5 4. c3 Nf6 5. d4 exd4 6. cxd4 Bb4+ 7. Bd2 O-O 8.
d5 Bxd2+ 9. Nbxd2 Na5 10. Bd3 b6 11. Qc2 d6 12. Rc1 Bg4 13. Qxc7 Rc8 14. Qxd8
Rfxd8 15. Ke2 Nb7 16. b4 Rxc1 17. Rxc1 Rc8 18. Rxc8+ Bxc8 19. Nd4 Bd7 20. Nc6
Ng4 21. Ba6 1-0

[Event "AUTO-OPEN-1365"]
[Site "http://www.queenalice.com/game.php?id=649396"]
[Date "2009.9.8"]
[Round "3"]
[White "blanenatelo05"]
[Black "llamas000"]
[Result "1-0"]
[WhiteElo "2288"]
[BlackElo "2119"]

1. e4 e5 2. Nf3 Nc6 3. Bb5 Nf6 4. Nc3 Bb4 5. d3 d6 6. h3 Bd7 7. O-O O-O 8. Bg5
a6 9. Bxc6 bxc6 10. Ne2 h6 11. Bd2 Bc5 12. b4 Bb6 13. a4 a5 14. bxa5 Bxa5 15.
Bxa5 Rxa5 16. Qd2 Qa8 17. Nc3 c5 18. Ra3 Rb8 19. Rfa1 Rb4 20. Qe1 Be6 21. Nd2 c4
22. dxc4 Bxc4 23. Nb3 Bxb3 24. cxb3 Nxe4 25. Nd5 Rb8 26. Nxc7 Qa7 27. b4 1-0

[Event "AUTO-OPEN-1365"]
[Site "http://www.queenalice.com/game.php?id=649397"]
[Date "2009.9.8"]
[Round "3"]
[White "llamas000"]
[Black "blanenatelo05"]
[Result "0-1"]
[WhiteElo "2124"]
[BlackElo "2286"]

1. e4 c5 2. Nf3 d6 3. d4 cxd4 4. Nxd4 a6 5. Nc3 Nf6 6. Be2 e6 7. O-O Be7 8. Be3
Bd7 9. Rc1 Nc6 10. a3 O-O 11. f4 Qc7 12. Nf3 Ng4 13. Qd2 Nxe3 14. Qxe3 Bf6 15.
Rcd1 Rfd8 16. Rd2 Be8 17. f5 b5 18. Kh1 Qe7 19. Nd1 exf5 20. exf5 Qxe3 21. Nxe3
Bxb2 22. c4 Bxa3 23. cxb5 axb5 24. Bxb5 Rab8 25. Bxc6 Bxc6 26. Nd5 Re8 27. Ra2
Bc5 28. Nc7 Re7 29. Na6 Ra8 30. Nb4 Bxb4 0-1

[Event "AUTO-MASTER-685"]
[Site "http://www.queenalice.com/game.php?id=661089"]
[Date "2009.10.1"]
[Round "2"]
[White "anthe2"]
[Black "llamas000"]
[Result "1-0"]
[WhiteElo "1999"]
[BlackElo "2119"]

1. e4 e5 2. Nf3 Nc6 3. Bc4 Be7 4. O-O Nf6 5. Nc3 O-O 6. d4 exd4 7. Nxd4 Ne5 8.
Be2 b6 9. f4 Ng6 10. e5 Ne8 11. Nd5 Bc5 12. b4 Bxd4+ 13. Qxd4 d6 14. exd6 Qxd6
15. f5 Ne7 16. Nxe7+ Qxe7 17. Bf3 Rb8 18. Bd5 Qf6 19. Bb2 Qxd4+ 20. Bxd4 Nd6 21.
f6 g6 22. Rfe1 Nf5 23. Be5 Bb7 24. Bxb7 Rxb7 25. g4 Nh4 26. Kf2 g5 27. Bg3 Ng6
28. Rad1 c6 29. c4 b5 30. Rd4 a5 31. bxa5 Ra7 32. Bd6 Rd8 33. Bc5 1-0

[Event "AUTO-MASTER-685"]
[Site "http://www.queenalice.com/game.php?id=661090"]
[Date "2009.10.1"]
[Round "2"]
[White "llamas000"]
[Black "anthe2"]
[Result "0-1"]
[WhiteElo "2106"]
[BlackElo "2020"]

1. e4 e6 2. Nc3 d5 3. Nf3 dxe4 4. Nxe4 Nf6 5. Nxf6+ Qxf6 6. c3 Bd6 7. d4 h6 8.
Be3 Bd7 9. Qb3 b6 10. Bc4 Nc6 11. Bb5 Nb8 12. O-O O-O 13. Rad1 a6 14. Be2 Bc6
15. c4 Nd7 16. Qc2 Bf4 17. d5 exd5 18. cxd5 Bb7 19. g3 Bd6 20. Bd4 Qd8 21. Bc3
Nf6 22. Qb3 Ne4 23. Qc4 Re8 24. Bd3 b5 25. Qd4 Nf6 26. Qh4 Be7 27. Bc2 Bxd5 28.
Ne5 Qc8 29. Qf4 Bxa2 30. Nc6 Bd6 31. Qf3 Bc4 32. Rfe1 Rxe1+ 33. Bxe1 Qe8 0-1

[Event "AUTO-OPEN-1594"]
[Site "http://www.queenalice.com/game.php?id=688762"]
[Date "2009.11.25"]
[Round "2"]
[White "llamas000"]
[Black "Pcchess"]
[Result "0-1"]
[WhiteElo "2088"]
[BlackElo "1947"]

1. d4 Nf6 2. Nf3 g6 3. c4 Bg7 4. Nc3 O-O 5. Bg5 d6 6. e3 Nbd7 7. Be2 h6 8. Bf4
a6 9. O-O Nh5 10. Qc2 Nxf4 11. exf4 c5 12. Rad1 Qc7 13. Nd5 Qd8 14. Rfe1 Re8 15.
Ne3 cxd4 16. Nxd4 Qb6 17. Nb3 Nf6 18. f5 g5 19. Nd5 Nxd5 20. Rxd5 Bd7 21. c5 Qc7
22. Qd2 Bc6 23. cxd6 exd6 24. Rxd6 Bf8 25. Rd4 Bg7 26. Rd6 Re5 27. Rc1 Bf8 28.
Rd5 Rxd5 29. Qxd5 Bd6 30. Qc4 Bxh2+ 31. Kf1 Bf4 32. Rc3 Rc8 33. Nd4 Bd2 34. Rc2
Qh2 35. f3 Be3 36. Ke1 Qg1+ 37. Bf1 Bxd4 0-1

[Event "AUTO-OPEN-1594"]
[Site "http://www.queenalice.com/game.php?id=688763"]
[Date "2009.11.25"]
[Round "2"]
[White "Pcchess"]
[Black "llamas000"]
[Result "0-1"]
[WhiteElo "2097"]
[BlackElo "2112"]

1. e4 e5 2. Nf3 Nc6 3. Bc4 Be7 4. d4 exd4 5. c3 Nf6 6. e5 Ne4 7. cxd4 d5 8. Be2
O-O 9. O-O Be6 10. Nbd2 f6 11. Bd3 f5 12. Qa4 Qe8 13. Bb5 a6 14. Bxc6 bxc6 15.
Qxc6 Qxc6 0-1

[Event "AUTO-OPEN-1594"]
[Site "http://www.queenalice.com/game.php?id=688764"]
[Date "2009.11.25"]
[Round "2"]
[White "llamas000"]
[Black "Chazam"]
[Result "1-0"]
[WhiteElo "2105"]
[BlackElo "1352"]

1. e4 e5 2. Nf3 Nc6 3. Bb5 Qf6 4. Nc3 Nge7 5. O-O a6 6. Ba4 b5 7. Bb3 Nb4 8. a3
Nbc6 9. d3 Nd4 10. Nxd4 exd4 11. Ne2 Nc6 12. Bf4 d6 13. Qd2 Be6 14. Bd5 Bxd5 15.
exd5 Ne5 16. Nxd4 Be7 17. Rfe1 O-O 18. Bxe5 dxe5 19. Nc6 Bc5 20. c3 Rfe8 21. Re2
a5 22. Rae1 Bd6 23. d4 h6 24. dxe5 Bxe5 25. Nxe5 Rad8 26. Ng4 Qd6 27. Rxe8+ Rxe8
28. Rxe8+ Kh7 29. Qd3+ g6 30. Qd4 h5 31. Rh8# 1-0

[Event "AUTO-OPEN-1594"]
[Site "http://www.queenalice.com/game.php?id=688765"]
[Date "2009.11.25"]
[Round "2"]
[White "Chazam"]
[Black "llamas000"]
[Result "0-1"]
[WhiteElo "1401"]
[BlackElo "2117"]

1. e4 e5 2. b3 Nf6 3. Nc3 Nc6 4. Bb2 Bb4 5. a3 Ba5 6. b4 Bb6 7. Nf3 d6 8. Bb5
Bd7 9. Nd5 O-O 10. Nxf6+ Qxf6 11. O-O Bg4 12. Be2 Qg6 13. Nh4 Qh5 14. Bxg4 Qxh4
15. h3 Ne7 16. Qf3 Qg5 17. Qg3 f5 18. exf5 Nxf5 19. Qb3+ Kh8 20. Rae1 Qf4 21.
Re2 Ng3 22. Re3 Nxf1 23. Rf3 Qxd2 24. c4 Ng3 25. Rxg3 Qxf2+ 0-1